Thinking harder about outcomes for collaborative governance arrangements (Record no. 90229)

000 -LEADER
fixed length control field 00462pab a2200169 454500
008 - FIXED-LENGTH DATA ELEMENTS--GENERAL INFORMATION
fixed length control field 180718b2010 xxu||||| |||| 00| 0 eng d
100 ## - MAIN ENTRY--PERSONAL NAME
Personal name Rogers, Ellen
245 ## - TITLE STATEMENT
Title Thinking harder about outcomes for collaborative governance arrangements
260 ## - PUBLICATION, DISTRIBUTION, ETC.
Date of publication, distribution, etc. 2010
300 ## - PHYSICAL DESCRIPTION
Extent p.546-567.
362 ## - DATES OF PUBLICATION AND/OR SEQUENTIAL DESIGNATION
Dates of publication and/or sequential designation Sep
650 ## - SUBJECT ADDED ENTRY--TOPICAL TERM
Topical term or geographic name entry element Public administration
700 ## - ADDED ENTRY--PERSONAL NAME
Personal name Weber, Edward P.
773 ## - HOST ITEM ENTRY
Main entry heading American Review of Public Administration
908 ## - PUT COMMAND PARAMETER (RLIN)
Put command parameter N
909 ## -
-- 90229
Holdings
Withdrawn status Lost status Damaged status Not for loan Permanent Location Current Location Date acquired Serial Enumeration / chronology Barcode Date last seen Price effective from Koha item type
        Indian Institute of Public Administration Indian Institute of Public Administration 2018-07-19 Volume no: 40, Issue no: 5 AR90689 2018-07-19 2018-07-19 Articles

Powered by Koha